Startup ako osobitná forma podnikania
Súčasný stav malého a stredného podnikania a rozdiely medzi malým podnikom a startupom. Problematika skĺznutia startupu do zaradenia k malým a stredným podnikom. Porovnanie právnych foriem, pod ktorými uvádzané podniky najčastejšie vykonávajú svoju činnosť. Analýza jednotlivých typov podnikov na zák...
Na minha lista:
| Autor principal: | |
|---|---|
| Formato: | Capítulo de Livro |
| Idioma: | eslovaco |
| Assuntos: | |
| Tags: |
Sem tags, seja o primeiro a adicionar uma tag!
|
MARC
| LEADER | 00000naa$a2200000$$$4500 | ||
|---|---|---|---|
| 001 | 0270495 | ||
| 005 | 20240502074235.1 | ||
| 041 | 0 | |a slo | |
| 044 | |a SK | ||
| 245 | 1 | 0 | |a Startup ako osobitná forma podnikania |c Lenka Mikle |
| 520 | |a Súčasný stav malého a stredného podnikania a rozdiely medzi malým podnikom a startupom. Problematika skĺznutia startupu do zaradenia k malým a stredným podnikom. Porovnanie právnych foriem, pod ktorými uvádzané podniky najčastejšie vykonávajú svoju činnosť. Analýza jednotlivých typov podnikov na základe Obchodného zákonníka Slovenskej republiky. | ||
| 610 | 2 | 0 | |a start-up |
| 610 | 2 | 0 | |a podnik malý |
| 610 | 2 | 0 | |a podnik stredný |
| 610 | 2 | 0 | |a prostredie podnikateľské |
| 610 | 2 | 0 | |a typológia podnikov |
| 610 | 2 | 0 | |a analýza komparatívna |
| 610 | 2 | 0 | |a zákonník obchodný |
| 610 | 2 | 0 | |a Slovensko |
| 100 | 1 | |a Mikle, Lenka, 1993- | |